Statistiques concernant CONNAISSEZ-VOUS REELEMENT LE BOSS

Cliquez ici pour prendre le quiz!

Statistiques générales

  • Ce quiz a été pris 5 fois
  • Le résultat moyen est 3 sur 10

Statistiques - réponses

QuestionRéponse% Correct
Dans quel groue politique a déjà été engagé JB LE BOSSL'action Française
60%
Quel taille mesure JB LE BOSS1m80
40%
Combien a de soeur JB LE BOSS3
40%
Quel est le roi préféré de JB LE BOSSLouis IX
40%
Quel classement a eu JB LE BOSS au tennisNon classé (énorme merde)
40%
Quel est le nom de la résidence de JB LE BOSS a Noisy le roiLa gaillarderie
20%
Quel est le 2e club de cœur de JB RICHONLe Havre AC
20%
Quel jour JB LE BOSS a commencé son CDI a NRJ GLOBAL9 mars 2021
0%
Quel loi JB LE BOSS supprimerai en premier s'il était élu présidentAvortement
0%
Selon la théorie des 4 tempéraments JB LE BOSS est plutot :Flègmatique
0%

Distribution des résultats

Percentile par nombre de réponses

% des personnes avec chaque résultat

Votre développement - résultats

Vous n’avez pas pris ce quiz